Muebles de oficina (Registro nro. 13181)

Detalles MARC
000 -Cabecera
Campo de control de longitud fija 00634nam a22002657a 4500
005 - Fecha y hora de la última transacción
Campo de control 20260427150144.0
008 - Elementos de longitud fija--Información general
Campo de control de longitud fija 211125b2012 xxu||||| |||| 00| 0 spa d
020 ## - International Standard Book Number
Número Internacional Estándar del Libro (ISBN) 848973898
041 ## - Idioma
Código de idioma Español
082 ## - Clasificación Decimal Dewey
Número de clasificación 651.23 F363m
100 ## - Entrada principal--Autor personal
Nombre personal Fernández García, David
245 ## - Título propiamente dicho
Título Muebles de oficina
260 ## - Pie de imprenta
Lugar de publicación, distribución, etc. España
260 ## - Pie de imprenta
Nombre del editor, distribuidor, etc. Doly
260 ## - Pie de imprenta
Fecha de publicación, distribución, etc. 2012
300 ## - Descripción física
Extensión 4 volúmenes
490 ## - Serie
Título de la Serie Temática General
500 ## - Nota general
Nota general Contiene disco compacto N° 300
650 ## - Materia general
Temática (materia general) MUEBLES
650 ## - Materia general
Temática (materia general) MUEBLES DE OFICINA
650 ## - Materia general
Temática (materia general) DISEÑO DE OFICINA
650 ## - Materia general
Temática (materia general) MATERIALES
942 ## - Punto de acceso adicional KOHA
Tipo de ítem KOHA Libro
Fuente del sistema de clasificación o colocación Dewey Decimal Classification
Existencias
Signatura completa Código de barras Programa Académico Tipo de ítem
651.23 F363m 16569 Temática General Libro
651.23 F363m 16570 Temática General Libro
651.23 F363m 16571 Temática General Libro
651.23 F363m 16572 Temática General Libro